LEADER 00963nam0-22002891i-450- 001 990006387450403321 005 19980601 035 $a000638745 035 $aFED01000638745 035 $a(Aleph)000638745FED01 035 $a000638745 100 $a19980601d1997----km-y0itay50------ba 105 $a--------00-yy 200 1 $aCompravendita di appartamenti uffici e negozi$e125 problemi con risposte, consigli e formule per acquistare o vendere un immobile al prezzo giusto e senza avventure$fFrancesco Tamborrino. 205 $a3. ed. - 210 $aMilano$cGiuffrè ed. per il professionista e per l'azienda$d1997 215 $a114 p.$d24 cm 676 $a346.0436 700 1$aTamborrino,$bFrancesco$09567 801 0$aIT$bUNINA$gRICA$2UNIMARC 901 $aBK 912 $a990006387450403321 952 $aVIII F 956$b35571*$fFGBC 959 $aFGBC 996 $aCompravendita di appartamenti uffici e negozi$9636815 997 $aUNINA DB $aGIU01 LEADER 01106nam0-22003971i-450- 001 990001359170403321 005 20091029141142.0 010 $a0-387-97745-7 035 $a000135917 035 $aFED01000135917 035 $a(Aleph)000135917FED01 035 $a000135917 100 $a20001205d1992----km-y0itay50------ba 101 0 $aeng 102 $aUS 105 $aa---a---001yy 200 1 $aRegular and Chaotic Dynamics$fA.J. Lichtenberg, M.A. Lieberman 205 $a2a ed. 210 $aNew York [etc.]$cSpringer-Verlag$dc1992 215 $axxii, 692 p.$d24 cm 225 1 $aApplied mathematical sciences$vno 38 610 0 $aOscillazioni non-lineari 610 0 $aProcessi stocastici 610 0 $aGeometria algebrica 676 $a531.32 700 1$aLichtenberg,$bAllan J.$027130 702 1$aLieberman,$bM.A. 801 0$aIT$bUNINA$gRICA$2UNIMARC 901 $aBK 912 $a990001359170403321 952 $a11-321F$b5472$fFI1 952 $a531.32-LIC-1$b1377$fSC1 959 $aFI1 959 $aSC1 996 $aRegular and Chaotic Dynamics$9375146 997 $aUNINA